| 000 -LEADER |
| fixed length control field |
00333nam a2200109Ia 4500 |
| 008 - FIXED-LENGTH DATA ELEMENTS--GENERAL INFORMATION |
| fixed length control field |
200302s9999 xx 000 0 und d |
| 100 ## - MAIN ENTRY--PERSONAL NAME |
| Personal name |
Joe L. Kincheloe and & Other |
| 245 ## - TITLE STATEMENT |
| Title |
Critical Thinking and Learning an Encyclopedia for Parents and Teachers |
| 260 ## - PUBLICATION, DISTRIBUTION, ETC. |
| Name of publisher, distributor, etc. |
Greenwood Publishing Group Inc. |
| 260 ## - PUBLICATION, DISTRIBUTION, ETC. |
| Date of publication, distribution, etc. |
2005 |
| 300 ## - PHYSICAL DESCRIPTION |
| Extent |
532 P., |